Las montañas de Urbión, Cebollera y Cabrejas (Record no. 19226)

MARC details
000 -LEADER
campo de control de longitud fija 00868nam a2200253 i 4500
001 - NÚMERO DE CONTROL
campo de control 19226
003 - IDENTIFICADOR DE NÚMERO DE CONTROL
campo de control ES-MaACL
005 - FECHA Y HORA DE LA ÚLTIMA TRANSACCIÓN
campo de control 20230906152035.0
007 - CAMPO FIJO DE DESCRIPCIÓN FÍSICA--INFORMACIÓN GENERAL
campo de control de longitud fija t|
008 - DATOS DE LONGITUD FIJA--INFORMACIÓN GENERAL
campo de control de longitud fija 020703s2001 sp ||||1| spa d
020 ## - NÚMERO INTERNACIONAL ESTÁNDAR DEL LIBRO
Número Internacional Estándar del Libro 84-9599-419-4
080 ## - NÚMERO DE LA CLASIFICACIÓN DECIMAL UNIVERSAL
Número de la Clasificación Decimal Universal 551.432.5(460.186)
100 1# - ENTRADA PRINCIPAL--NOMBRE DE PERSONA
Nombre de persona Sanz Pérez, Eugenio.
9 (RLIN) 103676
245 14 - MENCIÓN DEL TÍTULO
Título Las montañas de Urbión, Cebollera y Cabrejas
Resto del título : geomorfología y patrimonio geológico /
Mención de responsabilidad, etc. Eugenio Sanz Pérez.
260 ## - PUBLICACIÓN, DISTRIBUCIÓN, ETC.
Lugar de publicación, distribución, etc. Soria :
Nombre del editor, distribuidor, etc. Diputación Provincial de Soria,
Fecha de publicación, distribución, etc. 2001.
300 ## - DESCRIPCIÓN FÍSICA
Extensión 244 p. :
Otras características físicas il. col. y n. ;
Dimensiones 23 cm.
490 1# - MENCIÓN DE SERIE
Mención de serie Temas sorianos ;
Designación de volumen o secuencia 43
504 ## - NOTA DE BIBLIOGRAFÍA, ETC.
Nota de bibliografía, etc. Bibliografía.
650 14 - PUNTO DE ACCESO ADICIONAL DE MATERIA--TÉRMINO DE MATERIA
Término de materia o nombre geográfico como elemento de entrada Geomorfología-
Subdivisión geográfica Soria (Provincia)
9 (RLIN) 13106
710 1# - ENTRADA AGREGADA--NOMBRE DE ENTIDAD CORPORATIVA
Nombre de entidad corporativa o nombre de jurisdicción como elemento de entrada Soria (Provincia).
Unidad subordinada Diputación Provincial.
9 (RLIN) 6880
830 0# - PUNTO DE ACCESO ADICIONAL DE SERIE-TÍTULO UNIFORME
Título uniforme Temas sorianos ;
Designación de volumen o secuencia 43
9 (RLIN) 179839
852 ## - LOCALIZACIÓN
Ubicación ES-MaACL
Número de control de estantería L-25660
Sublocalización o colección R.131581
Holdings
Estatus retirado Estado de pérdida Estado de daño No para préstamo Biblioteca de origen Biblioteca actual Ubicación en estantería Fecha de adquisición Fuente de adquisición Total de préstamos Signatura topográfica completa Código de barras Visto por última vez Precio de reemplazo Tipo de ítem Koha
        Biblioteca del Ateneo de Madrid Biblioteca del Ateneo de Madrid Depósito 2 17/01/2008     L-25660 1019672 23/02/2023 23/02/2023 Libro impreso